000 00247nam a22001217a 4500
008 181030b xxu||||| |||| 00| 0 eng d
041 _aeng
080 _a611
100 _a6
101 _aANA
245 _aGray's Anatomy
_cGoss
942 _2udc
_cBK
999 _c51198
_d51198